<?xml version="1.0" encoding="UTF-8"?>
<collection xmlns="http://www.loc.gov/MARC21/slim">
 <record>
  <leader>01025nam a22002417a 4500</leader>
  <controlfield tag="001">31133</controlfield>
  <controlfield tag="003">BD-DhAAL</controlfield>
  <controlfield tag="005">20160608123059.0</controlfield>
  <controlfield tag="008">160608s2015    bg ||||| |||| 00| 0 ben d</controlfield>
  <datafield tag="020" ind1=" " ind2=" ">
   <subfield code="a">9789843397522</subfield>
  </datafield>
  <datafield tag="040" ind1=" " ind2=" ">
   <subfield code="a">BD-DhAAL</subfield>
   <subfield code="c">BD-DhAAL</subfield>
  </datafield>
  <datafield tag="082" ind1=" " ind2=" ">
   <subfield code="2">23</subfield>
   <subfield code="a">818.095492 </subfield>
  </datafield>
  <datafield tag="100" ind1=" " ind2=" ">
   <subfield code="a">নাসির, বেগজাদী মাহমুদা </subfield>
   <subfield code="9">19677</subfield>
  </datafield>
  <datafield tag="245" ind1=" " ind2=" ">
   <subfield code="a">তিন দেশ তিন জীবন /</subfield>
   <subfield code="b">বেগজাদী মাহমুদা নাসির </subfield>
  </datafield>
  <datafield tag="260" ind1=" " ind2=" ">
   <subfield code="a">ঢাকা :</subfield>
   <subfield code="b">প্রথম প্রকাশ,</subfield>
   <subfield code="c">২০১৫</subfield>
  </datafield>
  <datafield tag="300" ind1=" " ind2=" ">
   <subfield code="a">৪১৯ পৃষ্ঠা ;</subfield>
   <subfield code="c">২৫ সে.মি</subfield>
  </datafield>
  <datafield tag="541" ind1=" " ind2=" ">
   <subfield code="e">31133</subfield>
  </datafield>
  <datafield tag="600" ind1=" " ind2=" ">
   <subfield code="a">Nasir, Beggzadi Mahmuda</subfield>
   <subfield code="9">19678</subfield>
  </datafield>
  <datafield tag="650" ind1=" " ind2=" ">
   <subfield code="a">Teacher</subfield>
   <subfield code="v">Autobiography</subfield>
   <subfield code="z">Bangladesh</subfield>
   <subfield code="9">19679</subfield>
  </datafield>
  <datafield tag="852" ind1=" " ind2=" ">
   <subfield code="a">Ayesha Abed Library</subfield>
   <subfield code="c">General Stacks</subfield>
  </datafield>
  <datafield tag="942" ind1=" " ind2=" ">
   <subfield code="2">ddc</subfield>
   <subfield code="c">BK</subfield>
  </datafield>
  <datafield tag="999" ind1=" " ind2=" ">
   <subfield code="c">37607</subfield>
   <subfield code="d">37607</subfield>
  </datafield>
  <datafield tag="952" ind1=" " ind2=" ">
   <subfield code="0">0</subfield>
   <subfield code="1">0</subfield>
   <subfield code="2">ddc</subfield>
   <subfield code="4">0</subfield>
   <subfield code="6">818_095492000000000_NAS</subfield>
   <subfield code="7">0</subfield>
   <subfield code="9">59134</subfield>
   <subfield code="a">BRACUL</subfield>
   <subfield code="b">BRACUL</subfield>
   <subfield code="c">GEN</subfield>
   <subfield code="d">2016-06-08</subfield>
   <subfield code="e">Author</subfield>
   <subfield code="g">350.00</subfield>
   <subfield code="l">4</subfield>
   <subfield code="m">9</subfield>
   <subfield code="o">818.095492 NAS</subfield>
   <subfield code="p">3010031133</subfield>
   <subfield code="r">2019-01-07</subfield>
   <subfield code="s">2018-12-17</subfield>
   <subfield code="t">1</subfield>
   <subfield code="w">2016-06-08</subfield>
   <subfield code="y">BK</subfield>
  </datafield>
 </record>
</collection>
